| 000 | 00737nam a2200217Ia 4500 | ||
|---|---|---|---|
| 003 | GCL | ||
| 008 | 140319s9999 xx 000 0 ara d | ||
| 040 |
_aGCL / _cGCL |
||
| 082 | 0 | 4 |
_a693.852 _bع ت |
| 100 | 1 | _aعماد درويش | |
| 245 | 1 | 0 |
_aالتصميم الزلزالى فى الكود - U B C 97 / _cعماد درويش |
| 700 | 1 | _aهمام المالح | |
| 250 | _aالاولى | ||
| 260 |
_aسوريا : _bدار دمشق للنشر والتوزيع والطباعة ، _c2003 |
||
| 300 |
_a96 ص ؛ _c24 سم |
||
| 650 | 0 | 4 | _aهندسة الانشاءات |
| 650 | 0 | 4 | _aالتصميم الانشائى |
| 650 | 0 | 4 | _aالمبانى |
| 650 | 0 | 4 | _aالمبانى - الوقاية ضد الزلازل |
| 942 |
_2ddc _cBK |
||
| 999 |
_c9964 _d9964 |
||